Statystyki dla Państwa świata o najmniejszej stopie bezrobocia

Kliknij tutaj aby rozwiązać quiz!

Ogólne statystyki

  • Ten quiz został rozwiązany 898 razy
  • Średni wynik to 14 z 33

Statystyki odpowiedzi

Współcz. bezrob.Państwo% Poprawnych
4,7%Japonia
81%
4,1%Chiny
80%
3,2%Norwegia
69%
3,7%Korea Południowa
68%
3,1%San Marino
65%
0,0%Monako
63%
3,5%Szwajcaria
62%
2,9%Andora
61%
1,5%Liechtenstein
57%
4,9%Holandia
53%
1,9%Singapur
52%
4,2%Austria
50%
0,5%Katar
47%
2,9%Wietnam
44%
5,0%Izrael
41%
1,2%Tajlandia
41%
1,5%Kuwejt
40%
2,5%Laos
37%
3,0%Malezja
35%
1,6%Kuba
32%
1,7%Kambodża
31%
5,0%Bangladesz
30%
4,9%Mjanma
30%
4,0%Bhutan
29%
3,7%Brunei
27%
4,2%Sri Lanka
24%
0,7%Białoruś
20%
4,6%Vanuatu
20%
4,2%Palau
19%
1,8%Papua-Nowa Gwinea
16%
1,1%Tonga
14%
3,2%Gwatemala
9%
3,6%Liberia
7%

Rozkład punktacji

Percentyl według liczby udzielonych odpowiedzi

Procent ludzi z każdym wynikiem

Twoja historia wyników

Nie rozwiązałeś tego quizu